[Event "Rio Verde Goiano op"]
[Site "Rio Verde"]
[Date "2023.12.01"]
[Round "1"]
[White "Da Silva, Fabio De Moraes Va"]
[Black "De Oliveira, Daniel C Xavier"]
[Result "0-1"]
[WhiteElo "1757"]
[BlackElo "1473"]
[PlyCount "56"]
[EventDate "2023.12.01"]
[EventType "swiss"]
[EventRounds "6"]
[EventCountry "BRA"]
[SourceTitle "CB50_2023"]
[SourceDate "2023.12.13"]
[SourceVersion "1"]
[SourceVersionDate "2023.12.13"]
[SourceQuality "1"]

1. d4 d5 2. Nf3 Nf6 3. Bf4 c5 4. e3 Nc6 5. Nbd2 Bf5 6. c4 e6 7. Be2 h6 8. h3 Be7 9. Nh4 Bh7 10. Ndf3 g5 11. Bg3 gxh4 12. Nxh4 Ne4 13. Bf4 Bxh4 14. g3 Qa5+ 15. Kf1 Bg5 16. Bxg5 Nxg5 17. Bh5 Bg6 18. Bg4 cxd4 19. exd4 Ne4 20. Qe2 Nxd4 21. Qd3 Nd2+ 22. Qxd2 Qxd2 23. Re1 Bd3+ 24. Kg2 Be4+ 25. Kf1 Bxh1 26. cxd5 Bxd5 27. Bh5 Rg8 28. g4 Bc4+ 0-1